Disney Princesses - Statistics

General Stats
  • This quiz has been taken 761 times
  • The average score is 9 of 12
Answer Stats
Princesses % Correct
Cinderella
92%
Snow White
90%
Aurora
83%
Belle
81%
Ariel
79%
Mulan
78%
Pocahontas
72%
Rapunzel
69%
Tiana
68%
Jasmine
67%
Merida
65%
Anna
54%
No matching quizzes found
Score Distribution
Percent of People with Each Score
Percentile by Number Answered
Your Score History
You have not taken this quiz